[Event "4NCL/Div3/GUI4 vs. WES2"]
[Site "Wokefield Park ENG"]
[Date "2007.05.06"]
[Round "10.1"]
[White "Shepley, Julien M"]
[Black "Lock, Gavin R"]
[Result "0-1"]
[WhiteElo "2114"]
[BlackElo "2212"]
[PlyCount "116"]
[EventDate "2007.05.06"]

1. d4 d5 2. Nf3 Nf6 3. a3 Bf5 4. Bf4 e6 5. c4 c6 6. Qb3 Qb6 7. Qxb6 axb6 8.
Nbd2 Nbd7 9. e3 h6 10. h3 Be7 11. Be2 O-O 12. O-O Ne4 13. cxd5 exd5 14. Nxe4
Bxe4 15. Nd2 Bg6 16. Bf3 Rfe8 17. Rfc1 b5 18. Bc7 Rec8 19. Bg3 Nb6 20. Bg4 Rf8
21. Bc7 Nc4 22. Nxc4 bxc4 23. a4 Bd3 24. a5 f5 25. Bd1 Bb4 26. Bc2 Bxc2 27.
Rxc2 Ra6 28. Ra4 Be7 29. Rc1 Kf7 30. b3 cxb3 31. Rb1 b5 32. Raa1 Rc8 33. Be5
Rca8 34. Bc7 R8a7 35. Be5 Rxa5 36. Rxa5 Rxa5 37. Rxb3 Ra1+ 38. Kh2 g6 39. Rc3
Ra6 40. Kg3 b4 41. Rb3 Ra3 42. Rb1 Ke6 43. Bg7 h5 44. Kf3 Rc3 45. Be5 b3 46.
Bc7 Bb4 47. g3 Kd7 48. Bb6 g5 49. h4 Rc2 50. Bc5 Bxc5 51. dxc5 gxh4 52. gxh4 b2
53. Kf4 Rxf2+ 54. Kg5 Ke6 55. Kxh5 Rg2 56. Kh6 Ke5 57. h5 Ke4 58. Kh7 Kd3 0-1

[Event "4NCL/Div3/GUI4 vs. WES2"]
[Site "Wokefield Park ENG"]
[Date "2007.05.06"]
[Round "10.2"]
[White "Jenks, Bruce"]
[Black "Dekker, Alain"]
[Result "1/2-1/2"]
[WhiteElo "2127"]
[BlackElo "2137"]
[PlyCount "64"]
[EventDate "2007.05.06"]

1. d4 f5 2. Nf3 Nf6 3. g3 e6 4. Bg2 Be7 5. O-O O-O 6. c4 d6 7. Nc3 Qe8 8. Re1
Qg6 9. Qc2 Ne4 10. Bf4 Nc6 11. a3 Nxc3 12. bxc3 Bf6 13. d5 Nd8 14. dxe6 Nxe6
15. Nd4 Nxd4 16. cxd4 Bxd4 17. Rab1 Rb8 18. e4 Qf6 19. c5 Bxc5 20. e5 Qg6 21.
Qd3 Kh8 22. exd6 Bxd6 23. Bxd6 Qxd6 24. Qxd6 cxd6 25. Re7 b5 26. Rc1 f4 27.
Rcc7 fxg3 28. hxg3 a5 29. Be4 Bf5 30. Bxf5 Rxf5 31. Rxg7 Rh5 32. Rgd7 Rh6
1/2-1/2

[Event "4NCL/Div3/GUI4 vs. WES2"]
[Site "Wokefield Park ENG"]
[Date "2007.05.06"]
[Round "10.3"]
[White "Punnett, Alan K"]
[Black "Rutter, Nicholas"]
[Result "0-1"]
[WhiteElo "2123"]
[BlackElo "2177"]
[PlyCount "62"]
[EventDate "2007.05.06"]

1. d4 d5 2. c4 e6 3. Nf3 c6 4. g3 Nd7 5. cxd5 exd5 6. Bg2 Ngf6 7. Nc3 Bd6 8.
O-O O-O 9. Qc2 Re8 10. Nh4 Nf8 11. e4 dxe4 12. Nxe4 Nxe4 13. Bxe4 Bh3 14. Rd1
Bg4 15. Bf3 Bxf3 16. Nxf3 Qf6 17. Ng5 h6 18. Nh3 Ne6 19. Be3 Nc7 20. Nf4 Rad8
21. Qb3 Bxf4 22. Bxf4 Nd5 23. Be3 Rd7 24. Rd3 Rde7 25. Rad1 Qf3 26. Bd2 Qg4 27.
Rf1 a6 28. Qd1 Re2 29. Re1 Nf4 30. Rxe2 Nxe2+ 31. Kf1 Nxg3+ 0-1

[Event "4NCL/Div3/GUI4 vs. WES2"]
[Site "Wokefield Park ENG"]
[Date "2007.05.06"]
[Round "10.4"]
[White "Pleasants, Allan J"]
[Black "Stimpson, Philip M"]
[Result "1-0"]
[WhiteElo "2083"]
[BlackElo "2097"]
[PlyCount "69"]
[EventDate "2007.05.06"]

1. Nc3 d5 2. Nf3 Nf6 3. d4 Bf5 4. e3 e6 5. Bd3 Ne4 6. O-O Nd7 7. Bxe4 dxe4 8.
Nd2 Nf6 9. f3 exf3 10. Nxf3 Bd6 11. Qe2 Ne4 12. Qb5+ Qd7 13. Qxb7 O-O 14. Nxe4
Rab8 15. Nxd6 Rxb7 16. Nxb7 Qd5 17. Nc5 Bxc2 18. Bd2 f6 19. Rac1 Bg6 20. b3 e5
21. Bc3 Re8 22. Nh4 Be4 23. Nf3 g5 24. Bb2 g4 25. Nh4 Kg7 26. Nxe4 Qxe4 27.
Rxc7+ Kg8 28. Nf5 h5 29. g3 a5 30. d5 Qxd5 31. Nh6+ Kh8 32. Rxf6 Qe4 33. Bc1
Rd8 34. Nf7+ Kg7 35. Ng5+ 1-0

[Event "4NCL/Div3/GUI4 vs. WES2"]
[Site "Wokefield Park ENG"]
[Date "2007.05.06"]
[Round "10.5"]
[White "Sen, Subin"]
[Black "Pym, Thomas W"]
[Result "1-0"]
[WhiteElo "2016"]
[BlackElo "2059"]
[PlyCount "89"]
[EventDate "2007.05.06"]

1. Nf3 c5 2. c4 b6 3. g3 Bb7 4. Bg2 e6 5. O-O a6 6. Nc3 Qc7 7. e4 d6 8. d3 Nd7
9. Ne1 g6 10. f4 Ne7 11. Nf3 Bg7 12. Qe2 O-O-O 13. Be3 d5 14. cxd5 exd5 15.
exd5 Nxd5 16. Nxd5 Bxd5 17. d4 c4 18. Rac1 b5 19. Ne5 Nb6 20. b3 Bxg2 21. Kxg2
c3 22. Rxc3 Qxc3 23. Rc1 Qxc1 24. Bxc1 Bxe5 25. dxe5 Kb7 26. Be3 Nd5 27. Bc5
Rc8 28. b4 Rhd8 29. a3 Rc6 30. Qf3 Rd7 31. h4 h5 32. Kh3 f6 33. Bd6 Rcxd6 34.
exd6 Rxd6 35. f5 gxf5 36. Qxf5 Nb6 37. Qxh5 Nc4 38. Qf3+ Kc7 39. h5 Ne5 40. Qf5
Kd8 41. h6 Nf7 42. h7 Ke7 43. Qe4+ Re6 44. Qb7+ Kf8 45. Qxf7+ 1-0

[Event "4NCL/Div3/GUI4 vs. WES2"]
[Site "Wokefield Park ENG"]
[Date "2007.05.06"]
[Round "10.6"]
[White "Clark, Ian C"]
[Black "Dreczkowski, Ryszard"]
[Result "0-1"]
[WhiteElo "2124"]
[BlackElo "2065"]
[PlyCount "66"]
[EventDate "2007.05.06"]

1. e4 Nf6 2. e5 Nd5 3. c4 Nb6 4. d4 d6 5. exd6 cxd6 6. Be3 g6 7. Nf3 Bg7 8. Be2
O-O 9. O-O Nc6 10. Nc3 Bg4 11. b3 e6 12. Rc1 d5 13. c5 Nc8 14. b4 a6 15. Rb1
N8e7 16. a4 Nf5 17. b5 axb5 18. axb5 Bxf3 19. bxc6 Bxe2 20. Nxe2 bxc6 21. Bf4
Qa5 22. g4 Nh6 23. h3 f5 24. Qc1 Nf7 25. Rb6 fxg4 26. hxg4 e5 27. dxe5 Bxe5 28.
Bxe5 Nxe5 29. Nd4 Qa4 30. Rd1 Nf3+ 31. Nxf3 Qxg4+ 32. Kf1 Qxf3 33. Rb2 Rae8 0-1

[Event "4NCL/Div3/GUI4 vs. WES2"]
[Site "Wokefield Park ENG"]
[Date "2007.05.06"]
[Round "10.7"]
[White "Gibbs, Daniel"]
[Black "Gregory, Keith D"]
[Result "1/2-1/2"]
[WhiteElo "1985"]
[BlackElo "2079"]
[PlyCount "44"]
[EventDate "2007.05.06"]

1. d4 d6 2. Nf3 g6 3. c4 Bg7 4. Nc3 Nf6 5. e4 O-O 6. h3 e5 7. d5 a5 8. Bg5 Na6
9. Bd3 Qe8 10. Qd2 Nc5 11. Bc2 Bd7 12. b3 Nh5 13. Bh6 Nf4 14. Bxg7 Kxg7 15. g3
Nh5 16. Nh4 Qe7 17. Bd1 Nf4 18. gxf4 Qxh4 19. fxe5 dxe5 20. Qe3 b6 21. Be2 h6
22. O-O-O Qg5 1/2-1/2

[Event "4NCL/Div3/GUI4 vs. WES2"]
[Site "Wokefield Park ENG"]
[Date "2007.05.06"]
[Round "10.8"]
[White "Moore, Gillian A"]
[Black "Hale, Stephanie"]
[Result "1-0"]
[WhiteElo "1915"]
[BlackElo "1625"]
[PlyCount "163"]
[EventDate "2007.05.06"]

1. d4 d5 2. e3 Nf6 3. Bd3 Nc6 4. f4 Bg4 5. Nf3 e6 6. h3 Bh5 7. Nbd2 Bd6 8. O-O
Qe7 9. Qe1 h6 10. Ne5 Nb4 11. Bb5+ c6 12. Ba4 Nd7 13. a3 Na6 14. Ndf3 Nab8 15.
g4 Bg6 16. Nxg6 fxg6 17. Bd2 Nf6 18. Nh4 Qf7 19. Bb4 Bc7 20. f5 gxf5 21. gxf5
exf5 22. Rxf5 g6 23. Rf3 Nbd7 24. Qf1 O-O-O 25. Bb3 Qg7 26. Rc1 Ne4 27. Qg2
Rhg8 28. c4 Nb6 29. cxd5 Nxd5 30. Qg4+ Kb8 31. Qxe4 Rde8 32. Qd3 h5 33. Bxd5
cxd5 34. Ng2 g5 35. Rf2 h4 36. Rfc2 Bg3 37. Qf5 Rgf8 38. Bxf8 Qxf8 39. Qxf8
Rxf8 40. Ne1 g4 41. Kg2 gxh3+ 42. Kxh3 a6 43. Rg2 Rg8 44. Nf3 Rh8 45. Ng5 Rg8
46. Kg4 Re8 47. Kf3 Rf8+ 48. Ke2 Rg8 49. Nh3 b5 50. Rc5 Kb7 51. Nf4 Re8 52. Kf3
Rf8 53. Rxg3 hxg3 54. Kxg3 Rg8+ 55. Kf2 Kb6 56. Rxd5 a5 57. Rd6+ Kc7 58. Rg6
Rh8 59. b4 Rh2+ 60. Rg2 Rh1 61. e4 Ra1 62. Rg3 Ra2+ 63. Kg1 axb4 64. axb4 Rb2
65. Rf3 Kd6 66. e5+ Ke7 67. Rf2 Rb3 68. Kg2 Kd7 69. e6+ Kd6 70. Re2 Ke7 71.
Nd5+ Kd6 72. e7 Kxd5 73. e8=Q Kxd4 74. Qe4+ Kc3 75. Re3+ Kb2 76. Rxb3+ Kxb3 77.
Kf3 Ka4 78. Ke3 Kb3 79. Kd3 Ka3 80. Kc3 Ka2 81. Qc2+ Ka1 82. Qb2# 1-0

[Event "4NCL/Div3/FCA1 vs. CHEDP"]
[Site "Wokefield Park ENG"]
[Date "2007.05.06"]
[Round "10.1"]
[White "Hetey, Laszlo"]
[Black "Bellin, Robert"]
[Result "1/2-1/2"]
[WhiteElo "2344"]
[BlackElo "2385"]
[PlyCount "45"]
[EventDate "2007.05.06"]

1. d4 Nf6 2. c4 e6 3. Nf3 b6 4. g3 Ba6 5. b3 Bb7 6. Bg2 Bb4+ 7. Bd2 a5 8. a3
Bxd2+ 9. Nbxd2 c5 10. O-O cxd4 11. Nxd4 Bxg2 12. Kxg2 d5 13. e3 O-O 14. cxd5 e5
15. N4f3 e4 16. Nd4 Qxd5 17. Qc2 Nbd7 18. Qc6 Rae8 19. Qxd5 Nxd5 20. Rfc1 Nc5
21. Nc4 Nd3 22. Rd1 f5 23. Rd2 1/2-1/2

[Event "4NCL/Div3/FCA1 vs. CHEDP"]
[Site "Wokefield Park ENG"]
[Date "2007.05.06"]
[Round "10.2"]
[White "Wallace, Paul A"]
[Black "Kenworthy, Gary"]
[Result "1/2-1/2"]
[WhiteElo "2278"]
[BlackElo "2299"]
[PlyCount "68"]
[EventDate "2007.05.06"]

1. e4 c5 2. Nf3 e6 3. d4 cxd4 4. Nxd4 a6 5. Bd3 Nc6 6. Be3 Nf6 7. Nc3 Bb4 8.
O-O d5 9. Nxc6 bxc6 10. e5 Nd7 11. Qg4 Bf8 12. Qg3 c5 13. Bf4 Bb7 14. b3 Nb6
15. a4 c4 16. bxc4 Nxc4 17. Rab1 Qc7 18. Bxc4 dxc4 19. Rfd1 g6 20. h4 h6 21.
Rd4 Rd8 22. Rxd8+ Kxd8 23. Qe3 Qc6 24. Qd2+ Kc8 25. f3 Be7 26. Ne4 Qxa4 27.
Nd6+ Bxd6 28. exd6 Rd8 29. Qd4 a5 30. Rb6 Rd7 31. Qh8+ Rd8 32. Qd4 Rd7 33. Qh8+
Rd8 34. Qd4 Rd7 1/2-1/2

[Event "4NCL/Div3/FCA1 vs. CHEDP"]
[Site "Wokefield Park ENG"]
[Date "2007.05.06"]
[Round "10.3"]
[White "Tippleston, Charles"]
[Black "Sharp, John R"]
[Result "1-0"]
[WhiteElo "2191"]
[BlackElo "2175"]
[PlyCount "81"]
[EventDate "2007.05.06"]

1. e4 e6 2. d4 d5 3. Nd2 c5 4. exd5 exd5 5. Ngf3 Nc6 6. Bb5 Bd6 7. dxc5 Bxc5 8.
O-O Nge7 9. Nb3 Bd6 10. Bg5 O-O 11. Bh4 Bg4 12. Be2 Qb6 13. Bxe7 Bxe7 14. Qxd5
Bf6 15. c3 Rfe8 16. Rfe1 Rad8 17. Bc4 Rxe1+ 18. Rxe1 Qc7 19. Qe4 h5 20. Be2 g6
21. h3 Bf5 22. Qe3 a6 23. Rd1 Be6 24. Rxd8+ Qxd8 25. Qd2 Qb6 26. Bd1 Kg7 27.
Bc2 a5 28. Bd1 a4 29. Nbd4 Nxd4 30. Nxd4 Bxa2 31. Bxa4 Bc4 32. Bd1 Qc7 33. Bf3
Ba6 34. g3 Qe5 35. Kg2 h4 36. Qe3 Qd6 37. Qf4 Qb6 38. b4 hxg3 39. fxg3 Bd3 40.
Qe3 Bc4 41. Nf5+ 1-0

[Event "4NCL/Div3/FCA1 vs. CHEDP"]
[Site "Wokefield Park ENG"]
[Date "2007.05.06"]
[Round "10.4"]
[White "Berglitz, Regina H"]
[Black "Macdonald-Ross, Michael"]
[Result "1/2-1/2"]
[WhiteElo "2090"]
[BlackElo "2136"]
[PlyCount "67"]
[EventDate "2007.05.06"]

1. e4 c6 2. d4 d5 3. exd5 cxd5 4. Bd3 Nf6 5. c3 Nc6 6. Bf4 Bg4 7. Qb3 Qc8 8.
Nd2 e6 9. Ngf3 Be7 10. O-O O-O 11. Ne5 Bh5 12. Ndf3 Nxe5 13. Nxe5 Bg6 14. Nxg6
hxg6 15. Rfe1 Qc6 16. Re2 a6 17. Rae1 Bd6 18. Be5 Bxe5 19. Rxe5 Rfd8 20. Qc2
Rd6 21. Qd2 b5 22. R5e3 a5 23. a3 Rb8 24. Rh3 b4 25. cxb4 axb4 26. axb4 Qb6 27.
Qf4 Qxb4 28. Rb1 Ne4 29. Qh4 f6 30. Qh7+ Kf7 31. Rh6 Qxd4 32. Qxg6+ Kg8 33.
Qh7+ Kf7 34. Qg6+ 1/2-1/2

[Event "4NCL/Div3/FCA1 vs. CHEDP"]
[Site "Wokefield Park ENG"]
[Date "2007.05.06"]
[Round "10.5"]
[White "Reuben, Stewart"]
[Black "Bennett, Patrick"]
[Result "1-0"]
[WhiteElo "2146"]
[BlackElo "2142"]
[PlyCount "79"]
[EventDate "2007.05.06"]

1. c4 Nf6 2. g3 g6 3. Bg2 Bg7 4. Nc3 O-O 5. e4 d6 6. Nge2 Nbd7 7. O-O e5 8. d4
c6 9. h3 Qe7 10. Be3 a6 11. Qd2 b5 12. d5 cxd5 13. Nxd5 Nxd5 14. Qxd5 Rb8 15.
cxb5 Rxb5 16. Qd2 Nf6 17. Rfd1 Qb7 18. b3 Ne8 19. Nc3 Rb4 20. Nd5 Rd4 21. Bxd4
exd4 22. Rac1 Be6 23. Rc4 f5 24. Rxd4 Bxd4 25. Qxd4 Qf7 26. Nf4 Bc8 27. exf5
Nf6 28. fxg6 hxg6 29. Qxd6 g5 30. Nd5 Nh5 31. Ne7+ Kg7 32. Qd4+ Kh6 33. Nxc8
Rxc8 34. Qd6+ Nf6 35. Qxa6 Rc2 36. Rd6 Kg7 37. Rb6 Nd7 38. Rg6+ Kh7 39. Rh6+
Kg7 40. Qg6+ 1-0

[Event "4NCL/Div3/FCA1 vs. CHEDP"]
[Site "Wokefield Park ENG"]
[Date "2007.05.06"]
[Round "10.6"]
[White "Butterworth, Andrew"]
[Black "Smith, Graham"]
[Result "1/2-1/2"]
[WhiteElo "2095"]
[BlackElo "2135"]
[PlyCount "48"]
[EventDate "2007.05.06"]

1. e4 e5 2. Nf3 Nc6 3. Bb5 a6 4. Ba4 Nf6 5. O-O Be7 6. Re1 d6 7. c3 Bg4 8. h3
Bh5 9. d3 Nd7 10. Nbd2 Nc5 11. Bxc6+ bxc6 12. Nf1 Ne6 13. Ng3 Bxf3 14. Qxf3 Bg5
15. Bxg5 Qxg5 16. Rad1 c5 17. Nf5 g6 18. h4 Qf4 19. Qxf4 Nxf4 20. Ne3 Rb8 21.
b3 Ne6 22. g3 O-O 23. Nc2 Rfe8 24. d4 cxd4 1/2-1/2

[Event "4NCL/Div3/FCA1 vs. CHEDP"]
[Site "Wokefield Park ENG"]
[Date "2007.05.06"]
[Round "10.7"]
[White "Freeman, Richard C P"]
[Black "Hamblin, David J"]
[Result "1/2-1/2"]
[WhiteElo "2091"]
[BlackElo "2070"]
[PlyCount "28"]
[EventDate "2007.05.06"]

1. d4 Nf6 2. Bg5 Ne4 3. Bf4 e6 4. Nd2 Nxd2 5. Qxd2 d5 6. e3 Bd6 7. Bg3 b6 8. c3
Ba6 9. Bxa6 Nxa6 10. Qe2 Nb8 11. Nf3 O-O 12. Ne5 f6 13. Nd3 c5 14. O-O Bxg3
1/2-1/2

[Event "4NCL/Div3/FCA1 vs. CHEDP"]
[Site "Wokefield Park ENG"]
[Date "2007.05.06"]
[Round "10.8"]
[White "Kirby, Peter J"]
[Black "Stenning, Marissa"]
[Result "1/2-1/2"]
[WhiteElo "2056"]
[BlackElo "1815"]
[PlyCount "135"]
[EventDate "2007.05.06"]

1. e4 d5 2. exd5 Qxd5 3. Nc3 Qa5 4. d4 Nf6 5. Nf3 Bf5 6. Bd2 c6 7. Ne4 Qc7 8.
Nxf6+ gxf6 9. g3 Bg7 10. Bg2 Nd7 11. O-O O-O 12. Re1 Rfe8 13. Nh4 Bg6 14. c4
Rad8 15. f4 f5 16. Bc3 Nb6 17. Qd3 e6 18. b3 Qd7 19. Rad1 Nc8 20. a4 Ne7 21.
Rd2 Qc7 22. Qe3 Rd7 23. Bf3 Red8 24. Red1 b6 25. Kg2 a6 26. Kh1 Qb8 27. Ng2 b5
28. h4 h5 29. axb5 axb5 30. Ra1 Ra7 31. Qe2 Rxa1+ 32. Bxa1 Qa7 33. Ra2 Qb6 34.
d5 cxd5 35. Bxg7 Kxg7 36. cxd5 Nxd5 37. Bxd5 Rxd5 38. Rd2 Rxd2 39. Qxd2 Qc6 40.
Kh2 f6 41. Qd4 Bf7 42. b4 Qe4 43. Qc5 Qe2 44. Kg1 Qd1+ 45. Kh2 Qd5 46. Qxd5
exd5 47. Ne3 Be6 48. Nc2 d4 49. Nxd4 Bd7 50. Kg2 Kf7 51. Kf3 Ke7 52. Ne2 Kd6
53. Nc3 Kc6 54. Ke3 Be6 55. Kd4 Bc4 56. Nd1 Bd5 57. Ne3 Be4 58. Nf1 Bd5 59. Nd2
Kd6 60. Nb1 Kc6 61. Nc3 Be6 62. Ne2 Bd5 63. Nc3 Be6 64. Nd1 Bd5 65. Nb2 Be4 66.
Nd1 Bd5 67. Nf2 Bc4 68. Nd1 1/2-1/2

[Event "4NCL/Div3/SWD2 vs. MIN"]
[Site "Wokefield Park ENG"]
[Date "2007.05.06"]
[Round "10.1"]
[White "Trevelyan, John"]
[Black "Jedynak, Radoslaw"]
[Result "0-1"]
[WhiteElo "2205"]
[BlackElo "2538"]
[PlyCount "58"]
[EventDate "2007.05.06"]

1. d4 e6 2. e4 d5 3. exd5 exd5 4. Nf3 Nf6 5. Bd3 Bd6 6. O-O O-O 7. Nbd2 Bg4 8.
Re1 Nbd7 9. Nf1 Re8 10. Bg5 Rxe1 11. Qxe1 Bxf3 12. gxf3 Nf8 13. Bf5 h6 14. Bh4
Bf4 15. Ne3 g6 16. Bh3 Qd6 17. Bg3 N8h7 18. Qc3 Ng5 19. Bg2 c6 20. Re1 h5 21.
Nd1 Nfh7 22. b3 Ne6 23. Nb2 h4 24. Bxf4 Qxf4 25. Rd1 Nhg5 26. Qe3 h3 27. Qxf4
Nxf4 28. Bh1 Re8 29. Kf1 Re2 0-1

[Event "4NCL/Div3/SWD2 vs. MIN"]
[Site "Wokefield Park ENG"]
[Date "2007.05.06"]
[Round "10.2"]
[White "Rizouk, Ryad"]
[Black "Spice, Alan"]
[Result "1-0"]
[WhiteElo "2363"]
[BlackElo "2186"]
[PlyCount "45"]
[EventDate "2007.05.06"]

1. e4 e6 2. d4 d5 3. Nd2 Nc6 4. Ngf3 Nf6 5. e5 Nd7 6. c3 f6 7. exf6 Qxf6 8. Nb3
Bd6 9. c4 dxc4 10. Bxc4 Nb6 11. Bb5 Bb4+ 12. Bd2 Bd7 13. O-O Bxd2 14. Qxd2 a6
15. Bd3 O-O-O 16. Rfe1 Be8 17. Rac1 Bh5 18. Ne5 Nxe5 19. Rxe5 Rd5 20. Qc3 Qe7
21. Rxe6 Qd7 22. Rxb6 Kb8 23. Rb4 1-0

[Event "4NCL/Div3/SWD2 vs. MIN"]
[Site "Wokefield Park ENG"]
[Date "2007.05.06"]
[Round "10.3"]
[White "Powell, Lloyd"]
[Black "Ackley, Peter"]
[Result "0-1"]
[WhiteElo "2166"]
[BlackElo "2117"]
[PlyCount "68"]
[EventDate "2007.05.06"]

1. d4 f5 2. Nf3 Nf6 3. g3 g6 4. Bg2 Bg7 5. O-O O-O 6. b3 d6 7. Bb2 Na6 8. c4 c5
9. d5 Nc7 10. Qc2 b5 11. Nbd2 Rb8 12. Rad1 bxc4 13. bxc4 Bd7 14. Bc3 Qc8 15. e4
Qa6 16. Rde1 f4 17. gxf4 Nh5 18. Bxg7 Nxg7 19. f5 gxf5 20. e5 Qa3 21. Nb3 Ba4
22. Re3 Na6 23. Qd2 Bxb3 24. Rb1 Qxa2 25. Rbxb3 Qxd2 26. Nxd2 Rxb3 27. Nxb3
dxe5 28. Rxe5 Kf7 29. Na5 Rc8 30. Nc6 Rc7 31. Bh3 Nb4 32. Nd8+ Kf6 33. f4 Nd3
34. Ne6 Nxf4 0-1

[Event "4NCL/Div3/SWD2 vs. MIN"]
[Site "Wokefield Park ENG"]
[Date "2007.05.06"]
[Round "10.4"]
[White "Parker, Robert"]
[Black "Roberts, David L"]
[Result "0-1"]
[WhiteElo "2097"]
[BlackElo "2139"]
[PlyCount "100"]
[EventDate "2007.05.06"]

1. d4 Nf6 2. Nf3 b6 3. g3 Bb7 4. Bg2 c5 5. c3 g6 6. O-O Bg7 7. Nbd2 cxd4 8.
cxd4 O-O 9. Ne5 Bxg2 10. Kxg2 d6 11. Nd3 Nc6 12. Nb3 Qd7 13. Be3 Qf5 14. f3 h5
15. Qd2 Kh7 16. Rac1 Rac8 17. Nf4 d5 18. Rc3 a5 19. Rfc1 Na7 20. Rc7 Nb5 21.
Rxe7 Nd6 22. Qd3 a4 23. Rxc8 Rxc8 24. Nc1 Qxd3 25. Ncxd3 Nf5 26. Re5 Nd7 27.
Rxf5 gxf5 28. Nxd5 Rc4 29. Ne7 Rc2 30. Kf2 a3 31. bxa3 Rxa2 32. Nxf5 Rxa3 33.
Nxg7 Kxg7 34. h4 b5 35. Bd2 Nf6 36. Nb4 Rb3 37. e4 Ne8 38. e5 Nc7 39. d5 Nxd5
40. Nxd5 Rd3 41. Nf4 Rxd2+ 42. Ke3 Rd1 43. Nxh5+ Kh6 44. Nf4 b4 45. Nd3 b3 46.
Ke2 Rc1 47. Nxc1 b2 48. Nb3 b1=Q 49. Nd2 Qb5+ 50. Kf2 Qb2 0-1

[Event "4NCL/Div3/SWD2 vs. MIN"]
[Site "Wokefield Park ENG"]
[Date "2007.05.06"]
[Round "10.5"]
[White "Brown, Alan M"]
[Black "Hardman, Michael J"]
[Result "1-0"]
[WhiteElo "2127"]
[BlackElo "2131"]
[PlyCount "37"]
[EventDate "2007.05.06"]

1. d4 d5 2. Nf3 Nf6 3. c4 e6 4. Bg5 Be7 5. e3 O-O 6. Nc3 Nbd7 7. Rc1 c6 8. Bd3
dxc4 9. Bxc4 b5 10. Bd3 Bb7 11. O-O Rc8 12. Bxf6 Nxf6 13. Ne5 a6 14. Ne4 c5 15.
Nxc5 Bxc5 16. dxc5 Qd5 17. c6 Bxc6 18. Nxc6 Rxc6 19. Bxh7+ 1-0

[Event "4NCL/Div3/SWD2 vs. MIN"]
[Site "Wokefield Park ENG"]
[Date "2007.05.06"]
[Round "10.6"]
[White "Almond, Richard"]
[Black "Burton, Graham P"]
[Result "1/2-1/2"]
[WhiteElo "2088"]
[BlackElo "2115"]
[PlyCount "86"]
[EventDate "2007.05.06"]

1. d4 Nf6 2. c4 c5 3. d5 e6 4. Nc3 exd5 5. cxd5 d6 6. Nf3 g6 7. Nd2 Bg7 8. e4
O-O 9. Be2 Re8 10. O-O Na6 11. Re1 Nc7 12. a4 b6 13. Qc2 Ng4 14. Nf3 Ne5 15.
Nxe5 Bxe5 16. Be3 f5 17. exf5 Bxf5 18. Bd3 Qf6 19. Qd2 Bxd3 20. Qxd3 Qf5 21.
Rad1 Re7 22. Qxf5 gxf5 23. Bf4 Rae8 24. Bxe5 Rxe5 25. Rxe5 Rxe5 26. f4 Re7 27.
Kf2 a6 28. h3 h5 29. g3 b5 30. axb5 axb5 31. b3 b4 32. Na4 Nb5 33. Nb6 Nc3 34.
Rd3 Ne4+ 35. Kf3 Rg7 36. g4 hxg4+ 37. hxg4 Rxg4 38. Nc4 Rg3+ 39. Ke2 Nc3+ 40.
Kd2 Rg2+ 41. Ke3 Nb5 42. Kf3 Rg4 43. Ne3 Rg1 1/2-1/2

[Event "4NCL/Div3/SWD2 vs. MIN"]
[Site "Wokefield Park ENG"]
[Date "2007.05.06"]
[Round "10.7"]
[White "van Kemenade, Rudy"]
[Black "James, Stephen B"]
[Result "1-0"]
[WhiteElo "2026"]
[BlackElo "2053"]
[PlyCount "63"]
[EventDate "2007.05.06"]

1. e4 e5 2. Nf3 Nc6 3. Bb5 a6 4. Ba4 Nf6 5. d3 b5 6. Bb3 Be7 7. O-O d6 8. c3
O-O 9. Re1 Na5 10. Bc2 c5 11. Nbd2 Nd7 12. Nf1 Bf6 13. h3 g6 14. g4 Bb7 15. Ng3
d5 16. Bh6 Re8 17. Nh2 c4 18. dxc4 dxc4 19. Qf3 Qc7 20. Rad1 Bh8 21. Nhf1 Nc6
22. Ne3 Ne7 23. g5 Rad8 24. Ng4 Qc6 25. Rd2 Nc8 26. Red1 Ncb6 27. Rd6 Qc7 28.
Rxd7 Nxd7 29. Rxd7 Qxd7 30. Nf6+ Bxf6 31. Qxf6 Qd3 32. Qg7# 1-0

[Event "4NCL/Div3/SWD2 vs. MIN"]
[Site "Wokefield Park ENG"]
[Date "2007.05.06"]
[Round "10.8"]
[White "Barr, Gabriel"]
[Black "van Kemenade, Julie"]
[Result "1-0"]
[WhiteElo "1695"]
[BlackElo "1925"]
[PlyCount "51"]
[EventDate "2007.05.06"]

1. d4 d6 2. c4 g6 3. Nf3 Bg7 4. Nc3 Nf6 5. e4 O-O 6. Be2 Nbd7 7. O-O e5 8. d5
Ne8 9. Ne1 f5 10. exf5 gxf5 11. f4 e4 12. Be3 Ndf6 13. Nc2 Ng4 14. Bxg4 fxg4
15. Nd4 Nf6 16. f5 Qe8 17. Ncb5 Rf7 18. Ne6 Bxe6 19. fxe6 Re7 20. Nd4 Qg6 21.
Nf5 Rae8 22. Bd4 h5 23. Nxg7 Rxg7 24. Rxf6 Qg5 25. Qf1 Qd2 26. Rd1 1-0

[Event "4NCL/Div3/BRJ vs. KHE"]
[Site "Wokefield Park ENG"]
[Date "2007.05.06"]
[Round "10.1"]
[White "Girdlestone, Paul"]
[Black "Berry, Stephen H"]
[Result "1/2-1/2"]
[WhiteElo "2225"]
[BlackElo "2379"]
[PlyCount "82"]
[EventDate "2007.05.06"]

1. d4 Nf6 2. Nf3 d6 3. Nc3 Bg4 4. e4 e6 5. Bg5 Be7 6. Be2 O-O 7. h3 Bh5 8. g4
Bg6 9. Bxf6 Bxf6 10. h4 h6 11. Qd2 c5 12. g5 cxd4 13. Nb5 hxg5 14. hxg5 Be5 15.
Ng1 a6 16. Na3 d5 17. f4 dxe4 18. Bc4 Re8 19. fxe5 Nc6 20. O-O-O Nxe5 21. Qf4
Nxc4 22. Nxc4 Qd5 23. Qh4 Kf8 24. b3 Rac8 25. Qh8+ Ke7 26. Qxg7 Qxg5+ 27. Kb2
d3 28. Qc3 Qf6 29. Qxf6+ Kxf6 30. cxd3 exd3 31. Nf3 b5 32. Ne3 Rh8 33. Rhf1 Ke7
34. Rd2 Rh3 35. Ng4 Bh5 36. Nfe5 f5 37. Nf2 Re3 38. Nexd3 Rd8 39. Kc3 Rc8+ 40.
Kb2 Rd8 41. Kc3 e5 1/2-1/2

[Event "4NCL/Div3/BRJ vs. KHE"]
[Site "Wokefield Park ENG"]
[Date "2007.05.06"]
[Round "10.2"]
[White "Whiteley, Andrew"]
[Black "Richmond, Peter A"]
[Result "1-0"]
[WhiteElo "2246"]
[BlackElo "2250"]
[PlyCount "55"]
[EventDate "2007.05.06"]

1. d4 d5 2. c4 c6 3. Nf3 e6 4. Nbd2 Nf6 5. g3 Nbd7 6. Bg2 Be7 7. O-O O-O 8. Qc2
c5 9. cxd5 exd5 10. b3 b6 11. dxc5 Nxc5 12. Nd4 Qd7 13. Bb2 Ba6 14. N2f3 Rac8
15. Ne5 Qb7 16. Bh3 Rc7 17. Nf5 Bd8 18. Qd1 Nce4 19. Re1 Qb8 20. Qd4 Bc8 21.
Rac1 Ng5 22. Bg4 h5 23. Rxc7 Qxc7 24. Rc1 hxg4 25. Rxc7 Bxc7 26. Ne7+ Kh8 27.
Nxc8 Rxc8 28. Qc3 1-0

[Event "4NCL/Div3/BRJ vs. KHE"]
[Site "Wokefield Park ENG"]
[Date "2007.05.06"]
[Round "10.3"]
[White "Bourne, Johnathan"]
[Black "Kwiatkowski, Feliks J"]
[Result "1/2-1/2"]
[WhiteElo "2096"]
[BlackElo "2246"]
[PlyCount "41"]
[EventDate "2007.05.06"]

1. d4 Nf6 2. Bg5 e6 3. e4 h6 4. Bxf6 Qxf6 5. Qd3 c5 6. e5 Qd8 7. d5 Qg5 8. Nc3
Qxe5+ 9. Be2 Na6 10. Nf3 Qf5 11. dxe6 fxe6 12. Qxf5 exf5 13. O-O-O Nc7 14. Rhe1
Be7 15. Bc4 Rf8 16. Ne5 Rf6 17. Be2 d6 18. Bh5+ Kd8 19. Nf7+ Kd7 20. Ne5+ Kd8
21. Nf7+ 1/2-1/2

[Event "4NCL/Div3/BRJ vs. KHE"]
[Site "Wokefield Park ENG"]
[Date "2007.05.06"]
[Round "10.4"]
[White "Spivack, Simon"]
[Black "Richmond, Jane"]
[Result "1/2-1/2"]
[WhiteElo "2206"]
[BlackElo "2142"]
[PlyCount "83"]
[EventDate "2007.05.06"]

1. Nf3 Nf6 2. g3 c5 3. Bg2 Nc6 4. d3 d5 5. O-O e6 6. Nbd2 Be7 7. e4 O-O 8. Re1
Qc7 9. c3 dxe4 10. dxe4 e5 11. Nh4 Rd8 12. Qe2 Bg4 13. Bf3 Qd7 14. Bxg4 Qxg4
15. f3 Qe6 16. Nf5 Bf8 17. Nf1 c4 18. Bg5 Rd3 19. Red1 Rad8 20. Bxf6 Qxf6 21.
N1e3 Ne7 22. Nxe7+ Qxe7 23. Nd5 Qc5+ 24. Kg2 Rxd1 25. Rxd1 Rd6 26. Rd2 f5 27.
Nb4 g6 28. Rxd6 Bxd6 29. exf5 gxf5 30. Qd2 Be7 31. Qd7 e4 32. Qe6+ Kg7 33. fxe4
fxe4 34. Qxe4 Qg5 35. h4 Qd2+ 36. Kh3 Bxb4 37. Qxb7+ Kf6 38. Qxb4 Qd7+ 39. Kg2
Qd2+ 40. Kf3 Qd3+ 41. Kf4 Qd2+ 42. Ke4 1/2-1/2